| 000 | 00461nam a22001697a 4500 | ||
|---|---|---|---|
| 003 | CEME | ||
| 005 | 20210628205054.0 | ||
| 008 | 210121b xxu||||| |||| 00| 0 eng d | ||
| 040 | _cceme | ||
| 082 | _a910 KUB | ||
| 100 |
_aKuby, Michael, Harner, John, Gober, Patricia _973724 |
||
| 245 | _aHuman geography in action | ||
| 260 |
_aRAWALPINDI _bNATIONAL BOOK FOUNDATION _c2007 |
||
| 300 | _aXIII,467 P | ||
| 650 |
_aHUMAN GEOGRAPHY _913071 |
||
| 942 |
_cBK _2ddc |
||
| 999 |
_c579388 _d579388 |
||